Bitter harvest : (Record no. 584)
[ view plain ]
| 000 -LEADER | |
|---|---|
| fixed length control field | 00951cam a22002654a 4500 |
| 001 - CONTROL NUMBER | |
| control field | 15603213 |
| 003 - CONTROL NUMBER IDENTIFIER | |
| control field | GZU |
| 005 - DATE AND TIME OF LATEST TRANSACTION | |
| control field | 20200908094413.0 |
| 008 - FIXED-LENGTH DATA ELEMENTS--GENERAL INFORMATION | |
| fixed length control field | 090129s2008 enka 000 0aeng |
| 010 ## - LIBRARY OF CONGRESS CONTROL NUMBER | |
| LC control number | 2009378161 |
| 020 ## - INTERNATIONAL STANDARD BOOK NUMBER | |
| International Standard Book Number | 1868421090 |
| 040 ## - CATALOGING SOURCE | |
| Original cataloging agency | DLC |
| Transcribing agency | DLC |
| 043 ## - GEOGRAPHIC AREA CODE | |
| Geographic area code | f-rh--- |
| 050 00 - LIBRARY OF CONGRESS CALL NUMBER | |
| Classification number | DT2984.SMI |
| Item number | 1997 |
| 100 1# - MAIN ENTRY--PERSONAL NAME | |
| Personal name | Smith, Ian Douglas, |
| Dates associated with a name | 1919-2007. |
| Relator term | author |
| 245 10 - TITLE STATEMENT | |
| Title | Bitter harvest : |
| Remainder of title | Zimbabwe and the aftermath of its independence : the memoirs of Africa's most controversial leader / Ian Smith ; with a foreword by Rupert Cornwell. |
| 260 ## - PUBLICATION, DISTRIBUTION, ETC. | |
| Place of publication, distribution, etc. | Johannesburg : |
| Name of publisher, distributor, etc. | Jonathan Ball Publishers., |
| Date of publication, distribution, etc. | c1997. |
| 300 ## - PHYSICAL DESCRIPTION | |
| Extent | xiv, 434p. : |
| Other physical details | ill. ; |
| Dimensions | 23 cm. |
| 500 ## - GENERAL NOTE | |
| General note | Includes index |
| 600 10 - SUBJECT ADDED ENTRY--PERSONAL NAME | |
| Personal name | Smith, Ian Douglas, |
| Dates associated with a name | 1919-2007. |
| 650 #0 - SUBJECT ADDED ENTRY--TOPICAL TERM | |
| Topical term or geographic name entry element | Prime ministers |
| Geographic subdivision | Zimbabwe |
| Form subdivision | Biography. |
| 651 #0 - SUBJECT ADDED ENTRY--GEOGRAPHIC NAME | |
| Geographic name | Zimbabwe |
| General subdivision | Politics and government |
| Chronological subdivision | 1965-1979. |
| 906 ## - LOCAL DATA ELEMENT F, LDF (RLIN) | |
| a | 7 |
| b | cbc |
| c | orignew |
| d | 2 |
| e | ncip |
| f | 20 |
| g | y-gencatlg |
| 942 ## - ADDED ENTRY ELEMENTS (KOHA) | |
| Source of classification or shelving scheme | Library of Congress Classification |
| Koha item type | Books |
| Classification part | 2984 |
| Item part | SMI |
| Call number prefix | DT |
| Withdrawn status | Lost status | Source of classification or shelving scheme | Damaged status | Not for loan | Collection code | Home library | Current library | Shelving location | Date acquired | Total Checkouts | Full call number | Barcode | Date last seen | Copy number | Price effective from | Koha item type | Source of acquisition | Inventory number |
|---|---|---|---|---|---|---|---|---|---|---|---|---|---|---|---|---|---|---|
| Library of Congress Classification | Non-fiction | City Campus Library | City Campus Library | General Stacks | 08/04/2005 | DT2984 SMI 1997 | B017013 | 09/08/2020 | c. 1 | 09/08/2020 | Books | |||||||
| Non-fiction | Mashava Campus Library | Mashava Campus Library | General Stacks | 05/11/2021 | DT2984. SMI 1997 | 014802 | 05/11/2021 | C.2 | 05/11/2021 | Books | Purchase | 014802 |